000 00584nam a2200169Ia 4500
003 GCL
008 140319s9999 xx 000 0 ara d
040 _aGCL /
_cGCL
082 0 4 _a229.3
_bم م
100 1 _aمحمد جمال الدين القاسمى
245 1 0 _aموعظة المؤمنين من احياء علوم الدين /
_cمحمد جمال الدين القاسمى
260 _aبيروت :
_bدار الكتب العلمية ،
_c1995
300 _a384 ص ؛
_c25سم
650 0 4 _aالدين الاسلامى
650 0 4 _aالاسلام , علم
942 _2ddc
_cBK
999 _c1699
_d1699